Foundations in quantitative business technioques
Αποθηκεύτηκε σε:
| Κύριος συγγραφέας: | |
|---|---|
| Άλλοι συγγραφείς: | |
| Μορφή: | Βιβλίο |
| Γλώσσα: | English |
| Δημοσίευση: |
London :
McGraw-Hill, 2000,
|
| Θέματα: | |
| Ετικέτες: |
Προσθήκη ετικέτας
Δεν υπάρχουν, Καταχωρήστε ετικέτα πρώτοι!
|
MARC
| LEADER | 00000nam a2200000 i 4500 | ||
|---|---|---|---|
| 001 | 1/65854 | ||
| 008 | 041116s2000 eng d | ||
| 020 | |a 0-07-709468-9 | ||
| 035 | |l 10075293 | ||
| 040 | |a GR-MY-UA |b gre |e aacr | ||
| 041 | 0 | |a eng | |
| 082 | 0 | |a 519.5 |2 (21) | |
| 100 | 1 | |a Bancroft, Gordon. | |
| 245 | 1 | 0 | |a Foundations in quantitative business technioques / |c G. Bancroft and G. O'Sullivan |
| 260 | |a London : |b McGraw-Hill, |b 2000, | ||
| 300 | |a xi, 335 σ.; |b εικ., πίν.; |c 25 εκ. | ||
| 504 | |a Περιλαμβάνει ευρετήριο | ||
| 650 | 0 | 0 | |a Commercial statistics. |
| 650 | 0 | 0 | |a Business mathematics. |
| 700 | 1 | |a O'Sullivan, George. | |
| 852 | |a INST |b CHIOS |e 20041116 |h 519.5 BAN |p 005200017436 |q 005200017436 |t BK |y 0 | ||
| 901 | |a BIBL2-2004-3 | ||
| 909 | |a Χ |b 116475 | ||
| 922 | |a 2ΕΛΗ |b 200411 |c ΤΔΕ |d ΜΙΧΑΗΛΙΔΗΣ | ||
| 950 | |a 112-2004-10-05 | ||
| 970 | |a ΣΠΕΝΤΖΑ |b ΕΛΕΝΗ |z 2004/12/08 | ||